Statistics for World Cup Trivia

Click here to take the quiz!

General Stats

  • This quiz has been taken 34 times
  • The average score is 11 of 15

Answer Stats

QuestionAnswer% Correct
How many goals in a hat-trick?3
97%
Which country holds the title for the most World Cups won.Brazil
94%
He shares his name with a Brazilian soccer player and wears 7 on his jersey but is from PortugalCristiano Ronaldo
94%
Which Argentine Goalkeeper got the Golden Glove in the 2022 FIFA World CupEmiliano Martinez
88%
What country was the first African and Arab nation to have passed the Quarter-Finals and also the first African nation to pass the Group StageMorocco
88%
What country hosted the first FIFA World Cup with 13 nations participatingUruguay
88%
What is the only country to have been in the most finals without winning oneNetherlands
78%
Who held the World Cup trophy in 2022.Lionel Messi
75%
Which host had the worse World Cup performance, Losing all games.Qatar
75%
What player was infamous for blocking a goal from Ghana with his finger in the Quarter-Finals knocking out Ghana from the World Cup.Luis Suarez
72%
How many nations will there be in the 2026 FIFA World Cup48
69%
What year was the first World Cup that has been hosted by more than one nation2002
63%
What country holds the biggest defeat in the 2022 World CupCosta Rica
63%
Who is the only player from Asia to have won a Golden BootSon Heung Min
41%
What country holds the title for the biggest defeat in World Cup historyEl Salvador
25%

Score Distribution

Percentile by Number Answered

Percent of People with Each Score

Your Score History

You have not taken this quiz